Antonimy w tytułach piosenek - Statystyki

Ogólne statystyki
  • Ten quiz został rozwiązany 8 razy
  • Średni wynik to 9 z 20
Statystyki odpowiedzi
Antonimy Tytuł piosenki % Poprawnych
It Wasn't a Bad Night It Was a Good Day
88%
Winner Loser
88%
High Low
88%
Boy Enemy Girlfriend
75%
Small Boys Do Laugh Big Girls Don't Cry
63%
Find Myself Lose Yourself
63%
The Girls of Winter The Boys of Summer
63%
Remember Me Forget You
50%
Lower Sky Higher Ground
38%
Fire Fire Adult Ice Ice Baby
38%
Finding Your Atheism Losing My Religion
38%
Married Gentlemen Single Ladies
38%
The Square of Death The Circle of Life
38%
A Soft Night's Day A Hard Day's Night
25%
Can Sell You Hate Can't Buy Me Love
25%
Do Sit So Far From You Don't Stand So Close To Me
25%
Cold for Student Hot for Teacher
25%
Unattractivefront Sexyback
25%
They Destroyed That Country We Built This City
25%
Rough Smooth
13%
Nie znaleziono quizów pasujących do podanych kryteriów
Rozkład punktacji
Procent ludzi z każdym wynikiem
Percentyl według liczby udzielonych odpowiedzi
Twoja historia wyników
Nie rozwiązałeś tego quizu